Statistiques concernant Calcul mental rapide - Puissances de 2

Cliquez ici pour prendre le quiz!

Statistiques générales

  • Ce quiz a été pris 10 634 fois
  • Le résultat moyen est 12 sur 32

Statistiques - réponses

Nombre% Correct
2^12
99%
2^24
99%
2^38
95%
2^416
93%
2^01
90%
2^532
88%
2^664
87%
2^7128
85%
2^8256
81%
2^9512
76%
2^101 024
73%
2^112 048
71%
2^124 096
63%
2^138 192
48%
2^1416 384
34%
2^1532 768
24%
2^1665 536
12%
2^17131 072
6%
2^18262 144
4%
2^19524 288
3%
2^201 048 576
2%
2^212 097 152
1%
2^224 194 304
1%
2^301 073 741 824
0%
2^27134 217 728
0%
2^2416 777 216
0%
2^312 147 483 648
0%
2^28268 435 456
0%
2^2533 554 432
0%
2^29536 870 912
0%
2^2667 108 864
0%
2^238 388 608
0%

Distribution des résultats

Percentile par nombre de réponses

% des personnes avec chaque résultat

Votre développement - résultats

Vous n’avez pas pris ce quiz